Statystyki dla Polskie piosenki lat 00 (trudne)

Kliknij tutaj aby rozwiązać quiz!

Ogólne statystyki

  • Ten quiz został rozwiązany 242 razy
  • Średni wynik to 8 z 20

Statystyki odpowiedzi

Tytuł:Wykonawca:% Poprawnych
Zanim pójdęHappysad
79%
Na zawsze i na wiecznośćWilki
73%
Znak pokojuVirgin
59%
Czas nie będzie czekałBlue Cafe
55%
Mieć czy byćMyslovitz
51%
SoftVideo
51%
AjriszT.Love
50%
Piła tangoStrachy na Lachy
48%
Wypijmy za toIch Troje
44%
Ruchome piaskiVarius Manx
38%
Maria ma synaKult
32%
SutraSistars
32%
Anka, ot takŁzy
30%
Tylko mnie kochajGoya
29%
Kamienny lasBajm
24%
Za Wielkim Morzem TyBrathanki
23%
Tango LibidoPudelsi
18%
To ja, złodziejDżem
15%
Śpiąca JolaCzarno Czarni
7%
Niebo bez ciebieSumptuastic
7%

Rozkład punktacji

Percentyl według liczby udzielonych odpowiedzi

Procent ludzi z każdym wynikiem

Twoja historia wyników

Nie rozwiązałeś tego quizu